| 000 | 00830nam a2200229Ia 4500 | ||
|---|---|---|---|
| 001 | 21597 | ||
| 005 | 20260420115210.0 | ||
| 008 | 260320s9999||||xx |||||||||||||| ||und|| | ||
| 041 | _aESP | ||
| 082 |
_a658.802 _bN38 |
||
| 100 |
_aNelson, Norbert N., _eAUT |
||
| 245 | 0 | _aMercado y venta de artesanías | |
| 250 | _aPrimera edición | ||
| 260 |
_aMéxico, D. F. : _bLimusa-Wiley, _c1970 |
||
| 300 |
_a158 páginas : _c23 cm. |
||
| 650 | _aTCA | ||
| 653 | _aAdministración; Gerencia de mercados; Artesanías - Mercado | ||
| 654 | _aCAN | ||
| 856 |
_uhttps://0u20jx76c-y-https-www-jstor-org.itmsp.museknowledge.com/ _zVéase además: Base de datos JSTOR |
||
| 856 |
_uhttps://0u20fx76w-y-https-research-ebsco-com.itmsp.museknowledge.com/c/qxo6us/search _zVéase además: Base de datos EBSCOhost |
||
| 942 |
_cLIB _dJUS _fTRC _2ddc |
||
| 999 |
_c21597 _d21597 |
||